[Event "BEL-ch op"]
[Site "Niel"]
[Date "2017.07.03"]
[Round "3"]
[White "Barbier, Wiebke"]
[Black "Persoons, Bart"]
[Result "1-0"]
[WhiteElo "1989"]
[BlackElo "1829"]
[PlyCount "61"]
[EventDate "2017.07.01"]
[EventType "swiss"]
[EventRounds "9"]
[EventCountry "BEL"]
[SourceTitle "EXT 2018"]
[Source "ChessBase"]
[SourceDate "2017.10.13"]
[SourceVersion "1"]
[SourceVersionDate "2017.10.13"]
[SourceQuality "1"]

1. e4 c6 2. d3 d5 3. Nd2 e5 4. Ngf3 Bd6 5. Be2 Nf6 6. 0-0 0-0 7. c3 Bg4 8. Qc2 Nbd7 9. Re1 Re8 10. Nf1 Rc8 11. Ng3 h6 12. h3 Be6 13. Bd2 Qb6 14. Nh4 d4 15. c4 c5 16. a3 a5 17. Nhf5 Bf8 18. Reb1 Qc7 19. Qc1 b6 20. Qe1 Kh7 21. Bd1 Qc6 22. b4 axb4 23. axb4 Ra8 24. b5 Qb7 25. Be2 Rxa1 26. Rxa1 Ra8 27. Qc1 Ng8 28. f4 g6 29. Rxa8 Qxa8 30. Bf3 Qa3 31. Qxa3 1-0

[Event "BEL-ch op"]
[Site "Niel"]
[Date "2017.07.01"]
[Round "1"]
[White "De Bock, Thijs"]
[Black "Persoons, Bart"]
[Result "1-0"]
[WhiteElo "2009"]
[BlackElo "1829"]
[PlyCount "29"]
[EventDate "2017.07.01"]
[EventType "swiss"]
[EventRounds "9"]
[EventCountry "BEL"]
[SourceTitle "EXT 2018"]
[Source "ChessBase"]
[SourceDate "2017.10.13"]
[SourceVersion "1"]
[SourceVersionDate "2017.10.13"]
[SourceQuality "1"]

1. e4 c6 2. d4 d5 3. Nc3 dxe4 4. Nxe4 Nd7 5. Bc4 Ngf6 6. Nxf6+ Nxf6 7. Nf3 Bg4 8. Bxf7+ Kxf7 9. Ne5+ Kg8 10. Nxg4 h5 11. Ne5 Qd5 12. 0-0 Rd8 13. c3 h4 14. Ng6 Rh5 15. Nf4 1-0

[Event "Maastricht Limburg op-B 9th"]
[Site "Maastricht"]
[Date "2015.05.24"]
[Round "5"]
[White "Persoons, Bart"]
[Black "Valenta, Richard"]
[Result "1/2-1/2"]
[WhiteElo "1759"]
[BlackElo "1810"]
[PlyCount "67"]
[EventDate "2015.05.22"]
[EventType "swiss"]
[EventRounds "7"]
[EventCountry "NED"]
[SourceTitle "EXT 2016"]
[Source "ChessBase"]
[SourceDate "2015.10.08"]
[SourceVersion "1"]
[SourceVersionDate "2015.10.08"]
[SourceQuality "1"]

1. d4 f5 2. c4 Nf6 3. Nc3 e6 4. g3 Bb4 5. Bd2 Nc6 6. Nf3 b6 7. Bg2 Bb7 8. 0-0 0-0 9. a3 Bxc3 10. Bxc3 Ne4 11. Rc1 Qe7 12. b4 Nxc3 13. Rxc3 Rae8 14. Ne5 Nd8 15. d5 d6 16. Nc6 Bxc6 17. dxc6 Qf6 18. Qb3 Kh8 19. Rd3 e5 20. Bd5 Qh6 21. e4 f4 22. gxf4 Rxf4 23. Rh3 Qf6 24. Qg3 Ne6 25. Rh5 Nd4 26. Qh3 Qg6+ 27. Kh1 Nf3 28. Rf5 Rf8 29. Rxf4 exf4 30. Qxf3 Qf6 31. Rg1 g5 32. h4 Qg6 33. Qc3+ Rf6 34. Qh3 1/2-1/2

[Event "BEL-ch op"]
[Site "Antwerp"]
[Date "2013.07.06"]
[Round "1"]
[White "Schuermans, Robert"]
[Black "Persoons, Bart"]
[Result "1-0"]
[WhiteElo "2127"]
[BlackElo "1751"]
[PlyCount "91"]
[EventDate "2013.07.06"]
[EventType "swiss"]
[EventRounds "9"]
[EventCountry "BEL"]
[SourceTitle "CBM 155 Extra"]
[Source "ChessBase"]
[SourceDate "2013.08.26"]
[SourceVersion "1"]
[SourceVersionDate "2013.08.26"]
[SourceQuality "1"]

1. e4 c6 2. d4 d5 3. Nc3 dxe4 4. Nxe4 Nd7 5. Bc4 Ngf6 6. Ng5 e6 7. Qe2 Nb6 8. Bd3 h6 9. N5f3 Bd6 10. Ne5 0-0 11. Ngf3 Qc7 12. 0-0 Bd7 13. c4 c5 14. dxc5 Qxc5 15. Be3 Qc7 16. c5 Bxe5 17. cxb6 axb6 18. Rfc1 Bc6 19. Nxe5 Qxe5 20. Bxb6 Qxe2 21. Bxe2 Nd5 22. Bc5 Rfd8 23. g3 Nf6 24. Be3 Nd5 25. Bd2 Nf6 26. Be1 Bd5 27. a4 Rdc8 28. a5 Ne4 29. b4 Nd6 30. Rxc8+ Rxc8 31. b5 Bc4 32. Bxc4 Rxc4 33. a6 bxa6 34. bxa6 Rc8 35. a7 Ra8 36. Bb4 Nb5 37. Bc5 Nc7 38. Bd6 Nb5 39. Bb8 Kf8 40. Ra5 Nd4 41. Rc5 Ke7 42. Rc7+ Ke8 43. Rc8+ Kd7 44. Rf8 Nc6 45. Rxf7+ Kc8 46. Rc7+ 1-0

[Event "Leuven op 24th"]
[Site "Leuven"]
[Date "2012.11.01"]
[Round "1"]
[White "Persoons, Bart"]
[Black "Froeyman, Helmut"]
[Result "0-1"]
[WhiteElo "1768"]
[BlackElo "2310"]
[PlyCount "78"]
[EventDate "2012.11.01"]
[EventType "swiss"]
[EventRounds "7"]
[EventCountry "BEL"]
[SourceTitle "EXT 2013"]
[Source "ChessBase"]
[SourceDate "2012.11.22"]
[SourceVersion "1"]
[SourceVersionDate "2012.11.22"]
[SourceQuality "1"]

1. d4 f5 2. c4 Nf6 3. Nc3 e6 4. g3 d5 5. Bg2 c6 6. Nf3 Bd6 7. c5 Bc7 8. 0-0 b6 9. cxb6 axb6 10. b4 0-0 11. e3 Bd6 12. b5 Ne4 13. Nxe4 fxe4 14. Ne5 cxb5 15. f4 b4 16. Bh3 Qe7 17. Rf2 Bxe5 18. dxe5 Nc6 19. Bb2 Na5 20. Bd4 Nc4 21. Rb1 Bd7 22. Qb3 Ra4 23. Bf1 b5 24. Bb2 Rfa8 25. Bc1 Qc5 26. g4 Qa7 27. h4 Qc5 28. Kh2 Rc8 29. Rc2 Qa7 30. Rf2 Bc6 31. Rg2 Qe7 32. Kh3 Bd7 33. Qd1 Rf8 34. Bd2 Qc5 35. Qe1 Nxd2 36. Rxd2 Ra3 37. Rb3 Rfa8 38. Qf2 Rc8 39. f5 Qc7 0-1

[Event "Maastricht Limburg op-B 6th"]
[Site "Maastricht"]
[Date "2012.05.27"]
[Round "5"]
[White "Persoons, Bart"]
[Black "Armino, Leo"]
[Result "0-1"]
[WhiteElo "1760"]
[BlackElo "1996"]
[PlyCount "78"]
[EventDate "2012.05.25"]
[EventType "swiss"]
[EventRounds "7"]
[EventCountry "NED"]
[SourceTitle "EXT 2013"]
[Source "ChessBase"]
[SourceDate "2012.11.22"]
[SourceVersion "1"]
[SourceVersionDate "2012.11.22"]
[SourceQuality "1"]

1. d4 d5 2. c4 e6 3. Nc3 c5 4. cxd5 cxd4 5. Qxd4 Nc6 6. Qd1 exd5 7. e3 Nf6 8. Nf3 Bc5 9. Be2 0-0 10. 0-0 Be6 11. Nb5 Re8 12. b3 Ne4 13. Bb2 Qe7 14. Nbd4 Bd7 15. Nxc6 bxc6 16. Bd4 Ba3 17. Qc2 Bf5 18. Bd3 c5 19. Bb2 c4 20. bxc4 dxc4 21. Bxa3 Qxa3 22. Bxe4 Bxe4 23. Qxc4 Bd3 24. Qb3 Qxb3 25. axb3 Bxf1 26. Kxf1 g6 27. Nd4 a5 28. Ke2 Rec8 29. Kd2 Rd8 30. Ke2 Rd5 31. b4 a4 32. b5 a3 33. Ra2 Ra4 34. Kd3 Rc5 35. Kd2 Kf8 36. b6 Rc8 37. b7 Rb8 38. Nb3 Rxb7 39. Nc5 Rb2+ 0-1